Catálogo

Espacios reciclados / (Registro nro. 44090)

Detalles MARC
000 -LEADER
fixed length control field 01171cam a2200313 i 4500
001 - CONTROL NUMBER
control field 44090
003 - CONTROL NUMBER IDENTIFIER
control field Mx-PuUPA
005 - DATE AND TIME OF LATEST TRANSACTION
control field 20250423091217.0
008 - FIXED-LENGTH DATA ELEMENTS--GENERAL INFORMATION
fixed length control field 140415s2001 sp ao gr 000 0 spa d
020 ## - INTERNATIONAL STANDARD BOOK NUMBER
International Standard Book Number 8493216712
040 ## - CATALOGING SOURCE
Original cataloging agency Mx-PuUPA
Language of cataloging spa
Transcribing agency Mx-PuUPA
Modifying agency Mx-PuUPA
Description conventions rda
041 1# - LANGUAGE CODE
Language code of text/sound track or separate title spa
Language code of original eng
100 1# - MAIN ENTRY--PERSONAL NAME
Personal name Lee, Vinny,
Relator term autor
240 10 - UNIFORM TITLE
Uniform title Recycled spaces.
Language of a work Español
245 10 - TITLE STATEMENT
Title Espacios reciclados /
Statement of responsibility, etc. Vinny Lee ; versión castellana de Gloria Bohigas ; fotografías de Ray Main
264 #1 - PRODUCTION, PUBLICATION, DISTRIBUTION, MANUFACTURE, AND COPYRIGHT NOTICE
Place of production, publication, distribution, manufacture Barcelona, España :
Name of producer, publisher, distributor, manufacturer Editorial Gustavo Gili,
Date of production, publication, distribution, manufacture, or copyright notice 2001
300 ## - PHYSICAL DESCRIPTION
Extent 143páginas :
Other physical details ilustraciones, fotografías (en color) ;
Dimensions 25 cm
336 ## - CONTENT TYPE
Fuente rdacontent
Content type term texto
Content type code txt
337 ## - MEDIA TYPE
Source rdamedia
Media type term sin medio
Media type code n
338 ## - CARRIER TYPE
Source rdacarrier
Carrier type term volumen
Carrier type code nc
650 #7 - SUBJECT ADDED ENTRY--TOPICAL TERM
Source of heading or term armarc
Topical term or geographic name entry element Arquitectura
General subdivision Conservación y restauración
650 #7 - SUBJECT ADDED ENTRY--TOPICAL TERM
Source of heading or term armarc
Topical term or geographic name entry element Edificios de apartamentos
General subdivision Arquitectura
700 1# - ADDED ENTRY--PERSONAL NAME
Personal name Bohigas, Gloria,
Relator term traductor
700 1# - ADDED ENTRY--PERSONAL NAME
Personal name Main, Ray,
Relator term fotográfo
765 0# - ORIGINAL LANGUAGE ENTRY
Main entry heading Lee, Vinny,
Place, publisher, and date of publication Gran Bretaña : Ryland Peters & Small, 2000
Title Recycled spaces
942 ## - ADDED ENTRY ELEMENTS (KOHA)
Source of classification or shelving scheme Dewey Decimal Classification
Koha item type Libro
Classification part 728.314
Item part L4718
Existencias
Withdrawn status Lost status Source of classification or shelving scheme Damaged status Not for loan Collection code Home library Current library Shelving location Date acquired Source of acquisition Total Checkouts Full call number Barcode Date last seen Date last checked out Price effective from Koha item type
    Dewey Decimal Classification     General Biblioteca Karol Wojtyla Biblioteca Karol Wojtyla Sala general 03/12/2013 Compra   728.314 LEE 66310 05/01/2026 18/08/2016 03/12/2013 Libro
    Dewey Decimal Classification     General Biblioteca Karol Wojtyla Biblioteca Karol Wojtyla Sala general 03/12/2013 Compra   728.314 L4718 2001 66309 05/01/2026   03/12/2013 Libro